| 000 | 00670nam a2200193 a 4500 | ||
|---|---|---|---|
| 001 | 000005401 | ||
| 005 | 20200929151651.0 | ||
| 008 | 090819s1997 es a 001 spa d | ||
| 020 | _a8400076958 | ||
| 040 | _aDO-SdBNP | ||
| 082 |
_axxx _bC626i |
||
| 100 | 1 |
_aClemente Conte, Ignacio _915331 |
|
| 245 | 1 | 4 |
_aLos instrumentos líticos de Túnel VII : _buna aproximación etnoarqueológica / _cIgnacio Clemente Conte. |
| 260 |
_aMadrid, : _bUniversidad Autónoma de Barcelona, Consejo Superior de Investigaciones Científicas, _c1997. |
||
| 300 |
_a186 p. : _bil ; _c24 cm. |
||
| 440 | 0 |
_aTreball D etnoarqueológia _v2 _915332 |
|
| 500 | _aIncluye índice | ||
| 049 | _aBNPD | ||
| 999 |
_c5201 _d5201 |
||